|
|
|
|
| LEADER |
00599nta a2200157 i 4500 |
| 001 |
dipl78098 |
| 005 |
20200623120221.0 |
| 008 |
190628s1994 hu om 0|| ger d |
| 040 |
|
|
|a SZTE Diploma Repozitórium
|b hun
|
| 041 |
|
|
|a ger
|
| 100 |
2 |
|
|a Benkóczy-Cseri Mónika
|
| 245 |
1 |
0 |
|a Aufstieg der Habsburger (Dynastie und Reich bis zur Mitte des 16. Jahrhunderts)
|h [elektronikus dokumentum] /
|c Mónika Benkóczy-Cseri
|
| 260 |
|
|
|c 1994
|
| 650 |
|
4 |
|a Pedagógusképzés
|
| 700 |
1 |
|
|a Lénárd Tibor
|e ths
|
| 856 |
4 |
0 |
|u http://diploma.bibl.u-szeged.hu/id/eprint/78098/1/1994_benkoczy_cseri_monika.pdf
|z Dokumentum-elérés
|